|
|
|
|
| LEADER |
02050nam a2200445 i 4500 |
| 001 |
EBC893169 |
| 003 |
MiAaPQ |
| 005 |
20200520144314.0 |
| 006 |
m o d | |
| 007 |
cr cnu|||||||| |
| 008 |
181009s2012 gw o 000 0 eng d |
| 020 |
|
|
|z 9783110289008
|
| 020 |
|
|
|a 9783110289039
|q (electronic bk.)
|
| 035 |
|
|
|a (MiAaPQ)EBC893169
|
| 035 |
|
|
|a (Au-PeEL)EBL893169
|
| 035 |
|
|
|a (CaPaEBR)ebr11389026
|
| 035 |
|
|
|a (CaONFJC)MIL804680
|
| 035 |
|
|
|a (OCoLC)823248730
|
| 040 |
|
|
|a MiAaPQ
|b eng
|e rda
|e pn
|c MiAaPQ
|d MiAaPQ
|
| 050 |
|
4 |
|a BM506.S25E5
|b .J478 2012
|
| 082 |
0 |
|
|a 296.125
|2 23
|
| 245 |
0 |
4 |
|a The Jerusalem Talmud.
|n Second order,
|p Mo'ed, Tractates Sabbat and 'Eruvin /
|c edition, translation, and commentary by Heinrich W. Guggenheimer.
|
| 246 |
1 |
1 |
|a Talmud Yerushalmi.
|n Seder Mo'ed,
|p Masekhtot Shabat ve-Eruvin
|
| 264 |
|
1 |
|a Berlin ;
|a Boston :
|b De Gruyter,
|c [2012]
|
| 264 |
|
4 |
|c 2012
|
| 300 |
|
|
|a 1 online resource (848 pages).
|
| 336 |
|
|
|a text
|b txt
|2 rdacontent
|
| 337 |
|
|
|a computer
|b c
|2 rdamedia
|
| 338 |
|
|
|a online resource
|b cr
|2 rdacarrier
|
| 490 |
1 |
|
|a Studia Judaica. Forschungen zur Wissenschaft des Judentums ;
|v Band 68
|
| 588 |
|
|
|a Description based on print version record.
|
| 590 |
|
|
|a Electronic reproduction. Ann Arbor, MI : ProQuest, 2018. Available via World Wide Web. Access may be limited to ProQuest affiliated libraries.
|
| 630 |
0 |
0 |
|a Talmud Yerushalmi.
|p Shabbat
|v Commentaries.
|
| 630 |
0 |
0 |
|a Talmud Yerushalmi.
|p Eruvin
|v Commentaries.
|
| 655 |
|
4 |
|a Electronic books.
|
| 700 |
1 |
|
|a Guggenheimer, Heinrich W.
|q (Heinrich Walter),
|d 1924-
|e editor,
|e translator,
|e commentator.
|
| 776 |
0 |
8 |
|i Print version:
|t Jerusalem Talmud. Second order, Mo'ed, Tractates Sabbat and 'Eruvin.
|d Berlin ; Boston : De Gruyter, c2012
|h 848 pages
|k Studia Judaica (Walter de Gruyter & Co.) ; Band 68.
|z 9783110289008
|
| 797 |
2 |
|
|a ProQuest (Firm)
|
| 830 |
|
0 |
|a Studia Judaica (Walter de Gruyter & Co.) ;
|v Band 68.
|
| 856 |
4 |
0 |
|u https://ebookcentral.proquest.com/lib/matrademy/detail.action?docID=893169
|z Click to View
|